<?xml version="1.0" encoding="UTF-8"?>
<record
    xmlns:xsi="http://www.w3.org/2001/XMLSchema-instance"
    xsi:schemaLocation="http://www.loc.gov/MARC21/slim http://www.loc.gov/standards/marcxml/schema/MARC21slim.xsd"
    xmlns="http://www.loc.gov/MARC21/slim">

  <leader>00810nam a22001457a 4500</leader>
  <datafield tag="999" ind1=" " ind2=" ">
    <subfield code="c">532527</subfield>
    <subfield code="d">532527</subfield>
  </datafield>
  <controlfield tag="008">260213b           ||||| |||| 00| 0 eng d</controlfield>
  <datafield tag="100" ind1=" " ind2=" ">
    <subfield code="a">Nisha, and  Goe, Khusboo </subfield>
    <subfield code="9">58912</subfield>
  </datafield>
  <datafield tag="245" ind1=" " ind2=" ">
    <subfield code="a">Lyla Mehta, Hans Nicolai Adam and shiplap Srivastava, the politics of climate change and uncertainty in India</subfield>
  </datafield>
  <datafield tag="260" ind1=" " ind2=" ">
    <subfield code="a">Journal of Indian Public Administration  </subfield>
  </datafield>
  <datafield tag="300" ind1=" " ind2=" ">
    <subfield code="a">71(4), Dec, 2025: p.864-867</subfield>
  </datafield>
  <datafield tag="520" ind1=" " ind2=" ">
    <subfield code="a">Pathways to Sustainability), 2021, 215 pp., &#x20B9;3,466, Routledge. ISBN: 1032190787.- Reproduced 


https://journals.sagepub.com/doi/full/10.1177/00195561251394171?_gl=1*1yndvuv*_up*MQ..*_ga*MTg0NzIxMzQ5MC4xNzcwOTYzNTkx*_ga_60R758KFDG*czE3NzA5NjM1OTAkbzEkZzAkdDE3NzA5NjM1OTAkajYwJGwwJGg0MzcxNjk5Mjg.</subfield>
  </datafield>
  <datafield tag="773" ind1=" " ind2=" ">
    <subfield code="a">Journal of Indian Public Administration  </subfield>
  </datafield>
  <datafield tag="906" ind1=" " ind2=" ">
    <subfield code="a">BOOK REVIEW </subfield>
  </datafield>
  <datafield tag="942" ind1=" " ind2=" ">
    <subfield code="c">AR</subfield>
  </datafield>
</record>
